Revista de estudios de la administración local y autonómica
Descripción Física:
v. ; periodicitat: trimestral (a partir de 1996) ; 25 cm
Descripción:
Índex anual al 1r núm. de l'any següent
Materias:
Administració local -- Espanya -- Revistes
; Administració autonòmica -- Espanya -- Revistes
; Revistes
Idioma:
Español
MARC
| LEADER | 00000nas a2200000 a 4500 | ||
|---|---|---|---|
| 001 | 28169-28208 | ||
| 003 | AGDB | ||
| 005 | 20260324181509.0 | ||
| 008 | 160829s9999 xx 000 0 cat d | ||
| 017 | |a M 1582-1958 | ||
| 022 | |a 0213-4675 | ||
| 040 | |a agdb |b cat | ||
| 041 | |a spa | ||
| 245 | |a Revista de estudios de la administración local y autonómica | ||
| 247 | |a Revista de estudios de la vida local | ||
| 260 | |a Madrid : |b Instituto de Estudios de Administración Local ; |c [1985-2000] | ||
| 300 | |a v. ; |b periodicitat: trimestral (a partir de 1996) ; |c 25 cm | ||
| 310 | |a Trimestral | ||
| 362 | |a Vol. 44, no. 255 (enero/marzo 1985)-no. 284 (sept./dic. 2000) | ||
| 500 | |a Es manté la numeració. | ||
| 500 | |a A la coberta: MAP, Ministerio para las Administraciones Públicas. | ||
| 501 | |a Inclou recensions. | ||
| 520 | |a Índex anual al 1r núm. de l'any següent | ||
| 590 | |a Descripció basada en: No. 245 (enero/marzo 1990). | ||
| 590 | |a Continuació de: Revista de estudios de la administración local, ISSN 1578-4568. | ||
| 650 | 0 | |a Administració local |z Espanya |v Revistes |9 39429 | |
| 650 | |a Administració autonòmica |x Espanya |x Revistes |9 39132 | ||
| 655 | 0 | |9 55823 |a Revistes | |
| 710 | |a Instituto Nacional de Administración Pública (Espanya) |9 17952 | ||
| 710 | |a Espanya. |b Ministerio para las Administraciones Públicas |9 69872 | ||
| 780 | 0 | 0 | |t Revista de estudios de la vida local |
| 866 | |a 1985 (225-228) | ||
| 866 | |a 1986 (229-232) | ||
| 866 | |a 1987 (233-235/236) | ||
| 866 | |a 1990 (245-248) | ||
| 866 | |a 1991 (249-252) | ||
| 866 | |a 1992 (253-255/256) | ||
| 866 | |a 1993 (257-260) | ||
| 866 | |a 1994 (261-264) | ||
| 866 | |a 1995 (265-268) | ||
| 866 | |a 1996 (269-271/272) | ||
| 866 | |a 1997 (273-274/275) | ||
| 866 | |a 1998 (276) | ||
| 901 | |a Arxiu | ||
| 942 | |n 1 |2 udc |c REV | ||
| 952 | |0 0 |1 0 |4 0 |6 REV634 |7 1 |9 48824 |a Arxiu |b Arxiu |d 2016-12-01 |h Núm. 225 (gener/març 1985) |o Rev-634 |p 28169 |r 2016-12-01 00:00:00 |w 2016-12-01 |y ARXIU | ||
| 952 | |0 0 |1 0 |4 0 |6 REV635 |7 1 |9 96114 |a Arxiu |b Arxiu |d 2023-08-14 |h Núm. 226 (abril/juny 1985) |l 0 |o Rev-635 |p 28170 |r 2023-08-14 00:00:00 |w 2023-08-14 |y ARXIU | ||
| 952 | |0 0 |1 0 |4 0 |6 REV636 |7 1 |9 96115 |a Arxiu |b Arxiu |d 2023-08-14 |h Núm. 227 (juliol/setembre 1985) |l 0 |o Rev-636 |p 28171 |r 2023-08-14 00:00:00 |w 2023-08-14 |y ARXIU | ||
| 952 | |0 0 |1 0 |4 0 |6 REV637 |7 1 |9 96116 |a Arxiu |b Arxiu |d 2023-08-14 |h Núm. 228 (octubre/desembre 1985) |l 0 |o Rev-637 |p 28172 |r 2023-08-14 00:00:00 |w 2023-08-14 |y ARXIU | ||
| 952 | |0 0 |1 0 |4 0 |6 REV638 |7 1 |9 96117 |a Arxiu |b Arxiu |d 2023-08-14 |h Núm. 229 (gener/març 1986) |l 0 |o Rev-638 |p 28173 |r 2023-08-14 00:00:00 |w 2023-08-14 |y ARXIU | ||
| 952 | |0 0 |1 0 |4 0 |6 REV639 |7 1 |9 96118 |a Arxiu |b Arxiu |d 2023-08-14 |h Núm. 230 (abril/juny 1986) |l 0 |o Rev-639 |p 28174 |r 2023-08-14 00:00:00 |w 2023-08-14 |y ARXIU | ||
| 952 | |0 0 |1 0 |4 0 |6 REV640 |7 1 |9 96119 |a Arxiu |b Arxiu |d 2023-08-14 |h Núm. 231 (juliol/setembre 1986) |l 0 |o Rev-640 |p 28175 |r 2023-08-14 00:00:00 |w 2023-08-14 |y ARXIU | ||
| 952 | |0 0 |1 0 |4 0 |6 REV641 |7 1 |9 96120 |a Arxiu |b Arxiu |d 2023-08-14 |h Núm. 232 (octubre/desembre 1986) |o Rev-641 |p 28176 |r 2023-08-14 00:00:00 |w 2023-08-14 |y ARXIU | ||
| 952 | |0 0 |1 0 |4 0 |6 REV642 |7 1 |9 96121 |a Arxiu |b Arxiu |d 2023-08-14 |h Núm. 233 (gener/març 1987) |l 0 |o Rev-642 |p 28177 |r 2023-08-14 00:00:00 |w 2023-08-14 |y ARXIU | ||
| 952 | |0 0 |1 0 |4 0 |6 REV643 |7 1 |9 96122 |a Arxiu |b Arxiu |d 2023-08-14 |h Núm. 234 (abril/juny 1987) |l 0 |o Rev-643 |p 28178 |r 2023-08-14 00:00:00 |w 2023-08-14 |y ARXIU | ||
| 952 | |0 0 |1 0 |4 0 |6 REV644 |7 1 |9 96123 |a Arxiu |b Arxiu |d 2023-08-14 |h Núm. 235/236 (juliol/desembre 1987) |l 0 |o Rev-644 |p 28179 |r 2023-08-14 00:00:00 |w 2023-08-14 |y ARXIU | ||
| 952 | |0 0 |1 0 |4 0 |6 REV645 |7 1 |9 96124 |a Arxiu |b Arxiu |d 2023-08-14 |h Núm. 245 (gener/març 1990) |o Rev-645 |p 28192 |r 2023-08-14 00:00:00 |w 2023-08-14 |y ARXIU | ||
| 952 | |0 0 |1 0 |4 0 |7 1 |9 96125 |a Arxiu |b Arxiu |d 2023-08-14 |h Núm. 246 (abril/juny 1990) |o Rev-646 |p 28193 |r 2023-08-14 00:00:00 |w 2023-08-14 |y ARXIU | ||
| 952 | |0 0 |1 0 |4 0 |7 1 |9 96126 |a Arxiu |b Arxiu |d 2023-08-14 |h Núm. 247 (juliol/setembre 1990) |o Rev-647 |p 28194 |r 2023-08-14 00:00:00 |w 2023-08-14 |y ARXIU | ||
| 952 | |0 0 |1 0 |4 0 |7 1 |9 96127 |a Arxiu |b Arxiu |d 2023-08-14 |h Núm. 248 (octubre/desembre 1990) |o Rev-648 |p 28195 |r 2023-08-14 00:00:00 |w 2023-08-14 |y ARXIU | ||
| 952 | |0 0 |1 0 |4 0 |7 1 |9 96128 |a Arxiu |b Arxiu |d 2023-08-14 |h Núm. 249 (gener/març 1991) |o Rev-649 |p 28196 |r 2023-08-14 00:00:00 |w 2023-08-14 |y ARXIU | ||
| 952 | |0 0 |1 0 |4 0 |7 1 |9 96129 |a Arxiu |b Arxiu |d 2023-08-14 |h Núm. 250 (abril/juny 1991) |o Rev-650 |p 28197 |r 2023-08-14 00:00:00 |w 2023-08-14 |y ARXIU | ||
| 952 | |0 0 |1 0 |4 0 |7 1 |9 96130 |a Arxiu |b Arxiu |d 2023-08-14 |h Núm. 251 (juliol/setembre 1991) |o Rev-651 |p 28198 |r 2023-08-14 00:00:00 |w 2023-08-14 |y ARXIU | ||
| 952 | |0 0 |1 0 |4 0 |7 1 |9 96131 |a Arxiu |b Arxiu |d 2023-08-14 |h Núm. 252 (octubre/desembre 1991) |o Rev-652 |p 28199 |r 2023-08-14 00:00:00 |w 2023-08-14 |y ARXIU | ||
| 952 | |0 0 |1 0 |4 0 |7 1 |9 96132 |a Arxiu |b Arxiu |d 2023-08-14 |h Núm. 253 (gener/març 1992) |o Rev-653 |p 28200 |r 2023-08-14 00:00:00 |w 2023-08-14 |y ARXIU | ||
| 952 | |0 0 |1 0 |4 0 |7 1 |9 96133 |a Arxiu |b Arxiu |d 2023-08-14 |h Núm. 254 (abril/juny 1992) |o Rev-654 |p 28201 |r 2023-08-14 00:00:00 |w 2023-08-14 |y ARXIU | ||
| 952 | |0 0 |1 0 |4 0 |7 1 |9 96134 |a Arxiu |b Arxiu |d 2023-08-14 |h Núm. 255/256 (juliol/desembre 1992) |o Rev-655 |p 28202 |r 2023-08-14 00:00:00 |w 2023-08-14 |y ARXIU | ||
| 952 | |0 0 |1 0 |4 0 |7 1 |9 96135 |a Arxiu |b Arxiu |d 2023-08-14 |h Núm. 257 (gener/març 1993) |o Rev-656 |p 28203 |r 2023-08-14 00:00:00 |w 2023-08-14 |y ARXIU |z Conté índexs 1992 | ||
| 952 | |0 0 |1 0 |4 0 |6 REV657 |7 1 |9 96136 |a Arxiu |b Arxiu |d 2023-08-14 |h Núm. 258 (abril/juny 1993) |l 0 |o Rev-657 |p 28180 |r 2023-08-14 00:00:00 |w 2023-08-14 |y ARXIU | ||
| 952 | |0 0 |1 0 |4 0 |6 REV658 |7 1 |9 96137 |a Arxiu |b Arxiu |d 2023-08-14 |h Núm. 259 (juliol/setembre 1993) |l 0 |o Rev-658 |p 28181 |r 2023-08-14 00:00:00 |w 2023-08-14 |y ARXIU | ||
| 952 | |0 0 |1 0 |4 0 |6 REV659 |7 1 |9 96138 |a Arxiu |b Arxiu |d 2023-08-14 |h Núm. 260 (octubre/desembre 1993) |l 0 |o Rev-659 |p 28182 |r 2023-08-14 00:00:00 |w 2023-08-14 |y ARXIU | ||
| 952 | |0 0 |1 0 |4 0 |6 REV660 |7 1 |9 96139 |a Arxiu |b Arxiu |d 2023-08-14 |h Núm. 261 (gener/març 1994) |l 0 |o Rev-660 |p 28183 |r 2023-08-14 00:00:00 |w 2023-08-14 |y ARXIU |z Conté índexs 1993 | ||
| 952 | |0 0 |1 0 |4 0 |6 REV661 |7 1 |9 96140 |a Arxiu |b Arxiu |d 2023-08-14 |h Núm. 262 (abril/juny 1994) |l 0 |o Rev-661 |p 28184 |r 2023-08-14 00:00:00 |w 2023-08-14 |y ARXIU | ||
| 952 | |0 0 |1 0 |4 0 |6 REV662 |7 1 |9 96141 |a Arxiu |b Arxiu |d 2023-08-14 |h Núm. 263 (juliol/setembre 1994) |l 0 |o Rev-662 |p 28185 |r 2023-08-14 00:00:00 |w 2023-08-14 |y ARXIU | ||
| 952 | |0 0 |1 0 |4 0 |6 REV663 |7 1 |9 96142 |a Arxiu |b Arxiu |d 2023-08-14 |h Núm. 264 (octubre/desembre 1994) |l 0 |o Rev-663 |p 28186 |r 2023-08-14 00:00:00 |w 2023-08-14 |y ARXIU | ||
| 952 | |0 0 |1 0 |4 0 |6 REV664 |7 1 |9 96143 |a Arxiu |b Arxiu |d 2023-08-14 |h Núm. 265 (gener/març 1995) |l 0 |o Rev-664 |p 28187 |r 2023-08-14 00:00:00 |w 2023-08-14 |y ARXIU | ||
| 952 | |0 0 |1 0 |4 0 |6 REV665 |7 1 |9 96144 |a Arxiu |b Arxiu |d 2023-08-14 |h Núm. 266 (abril/juny 1995) |l 0 |o Rev-665 |p 28188 |r 2023-08-14 00:00:00 |w 2023-08-14 |y ARXIU | ||
| 952 | |0 0 |1 0 |4 0 |6 REV666 |7 1 |9 96145 |a Arxiu |b Arxiu |d 2023-08-14 |h Núm. 267 (juliol/setembre 1995) |l 0 |o Rev-666 |p 28189 |r 2023-08-14 00:00:00 |w 2023-08-14 |y ARXIU | ||
| 952 | |0 0 |1 0 |4 0 |6 REV667 |7 1 |9 96146 |a Arxiu |b Arxiu |d 2023-08-14 |h Núm. 268 (octubre/desembre 1995) |l 0 |o Rev-667 |p 28190 |r 2023-08-14 00:00:00 |w 2023-08-14 |y ARXIU | ||
| 952 | |0 0 |1 0 |4 0 |6 REV668 |7 1 |9 96147 |a Arxiu |b Arxiu |d 2023-08-14 |h Núm. 269 (gener/març 1996) |l 0 |o Rev-668 |p 28191 |r 2023-08-14 00:00:00 |w 2023-08-14 |y ARXIU | ||
| 952 | |0 0 |1 0 |4 0 |6 REV669 |7 1 |9 96148 |a Arxiu |b Arxiu |d 2023-08-14 |h Núm. 270 (abril-juny 1996) |l 0 |o Rev-669 |p 28204 |r 2023-08-14 00:00:00 |w 2023-08-14 |y ARXIU | ||
| 952 | |0 0 |1 0 |4 0 |6 REV670 |7 1 |9 96149 |a Arxiu |b Arxiu |d 2023-08-14 |h Núm. 271/272 (juliol/desembre 1996) |l 0 |o Rev-670 |p 28205 |r 2023-08-14 00:00:00 |w 2023-08-14 |y ARXIU | ||
| 952 | |0 0 |1 0 |4 0 |6 REV671 |7 1 |9 96150 |a Arxiu |b Arxiu |d 2023-08-14 |h Núm. 273 (gener/abril 1997) |l 0 |o Rev-671 |p 28206 |r 2023-08-14 00:00:00 |w 2023-08-14 |y ARXIU | ||
| 952 | |0 0 |1 0 |4 0 |6 REV672 |7 1 |9 96151 |a Arxiu |b Arxiu |d 2023-08-14 |h Núm. 274/275 (maig/desembre 1997) |o Rev-672 |p 28207 |r 2023-08-14 00:00:00 |w 2023-08-14 |y ARXIU | ||
| 952 | |0 0 |1 0 |4 0 |6 REV673 |7 1 |9 96152 |a Arxiu |b Arxiu |d 2023-08-14 |h Núm. 276 (gener/abril 1998) |l 0 |o Rev-673 |p 28208 |r 2023-08-14 00:00:00 |w 2023-08-14 |y ARXIU | ||
| 999 | |c 52659 |d 52659 | ||